| 000 | 00607cab a2200229 4500 | ||
|---|---|---|---|
| 001 | ABS53853 | ||
| 008 | 090401t1995 xxu||||| |||| 00| 0 eng d | ||
| 035 | _a(Sirsi) u6917 | ||
| 041 | _aeng | ||
| 100 | _aBayram, P. | ||
| 245 | _aRefunds and how to get them | ||
| 260 | _c1995 | ||
| 350 | _a0 | ||
| 490 |
_aProperty Week _v53(1) 5 October 1995, 32-33(2) |
||
| 520 | _aExamines the delay in receiving a refund after a successful rating appeal. | ||
| 650 | _aBUSINESS RATES | ||
| 650 | _aRATING APPEALS | ||
| 650 | _aREFUND | ||
| 690 | _aRATING AND VALUATION | ||
| 942 | _n0 | ||
| 948 | _c04/03/1997 | ||
| 999 |
_c4116 _d4116 |
||